Tratamiento de los fideicomisos del exterior en la normativa tributaria (Registro nro. 20296)

Detalles MARC
000 -LEADER
fixed length control field 00464 a2200145 4500
001 - CONTROL NUMBER
control field ART_50984
005 - DATE AND TIME OF LATEST TRANSACTION
control field 20260410161758.0
008 - FIXED-LENGTH DATA ELEMENTS--GENERAL INFORMATION
fixed length control field 260409a
100 1# - MAIN ENTRY--PERSONAL NAME
Personal name Gotlib, Gabriel
245 10 - TITLE STATEMENT
Title Tratamiento de los fideicomisos del exterior en la normativa tributaria
700 1# - ADDED ENTRY--PERSONAL NAME
Personal name Vaquero, Fernando M.
700 1# - ADDED ENTRY--PERSONAL NAME
Personal name Ferreyra Fernández, Constanza E.
700 1# - ADDED ENTRY--PERSONAL NAME
Personal name Kaplún, Brian
773 0# - HOST ITEM ENTRY
Title Doctrina tributaria
Related parts - N°482 (mayo 2020)
Record control number REV4296

No hay ítems disponibles.